header

Yearbook of morphology 2003 (Record no. 29392)

MARC details
000 -LEADER
fixed length control field 01073nam a2200277Ia 4500
245 00 - TITLE STATEMENT
Title Yearbook of morphology 2003
260 ## - PUBLICATION, DISTRIBUTION, ETC. (IMPRINT)
Place of publication Dordrecht :
-- London :
Name of publisher Kluwer Academic,
Year of publication 2003.
300 ## - PHYSICAL DESCRIPTION
Number of Pages 279 p.
650 #0 - SUBJECT ADDED ENTRY--TOPICAL TERM
Topical Term Grammar, Comparative and general
Topical Term Linguistics.
700 1# - ADDED ENTRY--PERSONAL NAME
Personal name Booij, G. E.
Personal name Marle, Jaap van.
856 40 - ELECTRONIC LOCATION AND ACCESS
Uniform Resource Identifier http://site.ebrary.com/lib/rucke/Doc?id=10069609

No items available.

© 2026 Rongo University
Contact us: librarian | system librarian | Rongo university